000 00914nam a2200277Ia 4500
003 OSt
005 20220928122249.0
006 a|||||r|||| 00| 0
007 ta
008 220927b |||||||| |||| 00| 0 eng d
020 _a9783030695743
_cEURO 89.99
024 _a146119
037 _b33, 10/12/2021, Classic Book Service
_cTextual
040 _aSDCL
_cSDCL
_beng
041 _2eng
_aeng
082 _aX:(B28), R1
100 _aChoi Pak-Sing
_9457033
245 0 _aAuction theory
_b introductory exercises with answer keys
260 _aSwitzerland
_bSpringer
_c2021
300 _axiv,296p.
_ccm.
490 _aSpringer texts in business and economics
650 _aBusiness Economics and Finance
700 _a Garcia Fleix-Munoz
_9457034
942 _hX:(B28), R1
_cTEXL
_2CC
999 _c770560
_d770560